Sports Quiz

Random Sports or Baseball Quiz
Score 0/52 Timer 08:00
0 Plays Today
Year Answer % Correct
2001Chipper Jones
98.8%
2007Chipper Jones
98.8%
2008Chipper Jones
98.8%
1998Andruw Jones
98.1%
1999Andruw Jones
98.1%
2000Andruw Jones
98.1%
2002Andruw Jones
98.1%
2005Andruw Jones
98.1%
1991Tom Glavine
95.6%
1994Greg Maddux
95%
1995Greg Maddux
95%
1997Greg Maddux
95%
1966Hank Aaron
94.4%
1967Hank Aaron
94.4%
1968Hank Aaron
94.4%
1969Hank Aaron
94.4%
1971Hank Aaron
94.4%
1996John Smoltz
93.1%
2006John Smoltz
93.1%
1980Dale Murphy
88.8%
1982Dale Murphy
88.8%
1983Dale Murphy
88.8%
1984Dale Murphy
88.8%
1985Dale Murphy
88.8%
1987Dale Murphy
88.8%
2016Freddie Freeman
88.1%
Year Answer % Correct
2017Freddie Freeman
86.7%
1972Phil Niekro
83.8%
1974Phil Niekro
83.8%
1975Phil Niekro
83.8%
1976Phil Niekro
83.8%
1977Phil Niekro
83.8%
1978Phil Niekro
83.8%
1979Phil Niekro
83.8%
1992Tery Pendleton
75%
2010Jason Heyward
66.9%
2014Jason Heyward
66.9%
2013Andrelton Simmons
63.1%
2015Andrelton Simmons
63.1%
1990Ron Gant
60.6%
1993Ron Gant
60.6%
1973Darrell Evans
50.6%
1988Pete Smith
50.6%
1989Lonnie Smith
50.6%
1970Rico Carty
45.6%
2003Marcus Giles
44.4%
2004J.D. Drew
41.9%
2009Jair Jurrjens
29.4%
2012Michael Bourn
26.9%
1981Rick Camp
13.8%
2011Eric O'Flaherty
12.5%
1986David Palmer
8.1%
Remove Ads.
Support Sporcle.
Get the best of Sporcle when you Go Orange. This ad-free experience offers more features, more stats, and more fun while also helping to support Sporcle. Thank you for becoming a member.

You're not logged in!

Compare scores with friends on all Sporcle quizzes.
OR
Log In

Sporcle TV

Today on Sporcle TV


Watch our educational content, quiz creation guides, and fun videos on Sporcle TV.

Show Comments

Extras

Top Quizzes Today


Score Distribution

Paid Content

Your Account Isn't Verified!

In order to create a playlist on Sporcle, you need to verify the email address you used during registration. Go to your Sporcle Settings to finish the process.

Report this User

Report this user for behavior that violates our Community Guidelines.

Details: